logo

Bir Sreshtho Munshi Abdur Rouf Library
Jhenaidah Cadet College

Anatomy : (Record no. 9936)

MARC details
000 -LEADER
fixed length control field 00678pam a2200241 i 4500
001 - CONTROL NUMBER
JCCL Control Number 9936
003 - CONTROL NUMBER IDENTIFIER
JCCL marc code BD-JhCC
005 - DATE AND TIME OF LATEST TRANSACTION
control field 20180403132257.0
008 - FIXED-LENGTH DATA ELEMENTS--GENERAL INFORMATION
fixed length control field 180403s1975 nyua 000 0 eng
020 ## - INTERNATIONAL STANDARD BOOK NUMBER
International Standard Book Number 0823002187 :
Terms of availability $18.50
035 ## - SYSTEM CONTROL NUMBER
system control number (BD-JhCC)9936
040 ## - CATALOGING SOURCE
Original cataloging agency DLC
Transcribing agency DLC
Modifying agency DLC
-- BD-JhCC
041 ## - LANGUAGE CODE
Language code of Book eng
050 00 - LIBRARY OF CONGRESS CALL NUMBER
Classification number NC760
Item number .S53 1975
082 00 - DEWEY DECIMAL CLASSIFICATION NUMBER
Classification number 743/.4
Author mark and Year SHE 1975
100 1# - MAIN ENTRY--PERSONAL NAME
Personal name Sheppard, Joseph,
Dates associated with a name 1930-
245 10 - TITLE STATEMENT
Title Anatomy :
Remainder of title a complete guide for artists /
Statement of responsibility, etc by Joseph Sheppard.
260 ## - PUBLICATION, DISTRIBUTION, ETC. (IMPRINT)
Place of publication, distribution, etc New York :
Name of publisher, distributor, etc Watson-Guptill Publications,
Date of publication, distribution, etc 1975.
300 ## - PHYSICAL DESCRIPTION
Pagination 222 p. :
Other physical details chiefly ill. ;
Dimensions 32 cm.
650 #0 - SUBJECT ADDED ENTRY--TOPICAL TERM
Topical term or geographic name as entry element Anatomy, Artistic.
942 ## - ADDED ENTRY ELEMENTS (KOHA)
Source of classification or shelving scheme Dewey Decimal Classification
Koha item type Books
Holdings
Source of classification or shelving scheme Damaged status Not for loan Home library Current library Shelving location Date of accession Total Checkouts Full call number Barcode Date last seen Copy number Koha item type
Dewey Decimal Classification     JCC Rouf Library JCC Rouf Library General Stacks 04/03/2018   743/.4 SHE 1975 13396 04/03/2018 C-1 Books

JCC Library | Contacts | JCC Home

Last Update on 23 September 2017
Copyright @ 2017-2020 JCC Rouf Library
Rouf Library, Jhenidah Cadet College (JCC), Bangladesh